000 00568nam a2200205Ia 4500
003 OSt
005 20220926044628.0
006 a|||||r|||| 00| 0
007 ta
008 220923b |||||||| |||| 00| 0 eng d
037 _cGeneral Book
040 _aRTL
_cRTL
_beng
041 _2eng
_aeng
082 _aX9(J:38):8.2.N6t, GD
110 _aIndia
_942571
245 0 _aStudy of the multiplication and distribution programes for improved seed
700 _aIndia
_942572
942 _hX9(J:38):8.2.N6t, GD
_cGB
_2CC
999 _c675383
_d675383